000 00636nam a2200241Ia 4500
003 OSt
005 20221005035122.0
006 a|||||r|||| 00| 0
007 ta
008 221004b |||||||| |||| 00| 0 urd d
020 _c50.00
024 _a12974
037 _cTextual
040 _aCRL
_cCRL
_burd
041 _2urd
_aurd
082 _aV251, 168K5
100 _aAhmad Shameem Ed.
_9587989
245 0 _aMarhoom Delhi ki ek jhalak
260 _aDelhi
_bIdarah-e-adbiyat India
_c1965
650 _aDELHI - HISTORY
942 _hV251, 168K5
_cTEXL
_2cc
999 _c944615
_d944615